Statistics for Mark's "The _____" Movie Titles DVDs

Click here to take the quiz!

General Stats

  • This quiz has been taken 379 times
  • The average score is 6 of 13

Answer Stats

Year; Main Movie Star(s)/HintMovie% Correct
1984; Arnold SchwarzeneggarThe Terminator
85%
1994; Jim CarreyThe Mask
78%
1999; Brendan Fraser & Rachel WeiszThe Mummy
77%
2002; Adrien BrodyThe Pianist
65%
1980; Jack NicholsonThe Shining
65%
1973; Ellen Burstyn & Linda BlairThe Exorcist
47%
1985; Sean Astin, Josh Brolin, & Jeff CohenThe Goonies
40%
2004; Tom Hanks & Catherine Zeta-JonesThe Terminal
37%
1989; Tom Hanks, Bruce Dern, & Carrie FisherThe 'Burbs
19%
2004; Won Best Animated FeatureThe Incredibles
19%
1994; John Goodman & Elizabeth PerkinsThe Flintstones
18%
1989; Ed HarrisThe Abyss
14%
1994; Macaulay CulkinThe Pagemaster
6%

Score Distribution

Percentile by Number Answered

Percent of People with Each Score

Your Score History

You have not taken this quiz